Sweet potato growing /

Bibliographic Details
Main Author: Miller, Fred E. (Fred Eaves), 1890-
Other Authors: Beattie, James H. (James Herbert), 1882-, Zimmerley, H. H. (Howard Henry), 1890-
Format: Government Document Book
Language:English
Published: Washington, D.C. : U.S. Dept. of Agriculture, 1932.
Edition:Rev. Dec. 1932.
Series:Farmers' bulletin (United States. Department of Agriculture) ; no. 999.
Subjects:

MARC

Tag First Indicator Second Indicator Subfields
LEADER 00000cam a2200000Ia 4500
001 in00001731221
005 20151024215438.0
008 030306s1932 dcuab f000 0 eng d
035 |a (OCoLC)ocm15555630 
035 |a (OCoLC)15555630 
040 |a RQF  |c RQF  |d AGL  |d OCLCQ  |d OCLCG  |d TXA  |d UtOrBLW 
049 |a TXAM 
070 0 |a 1  |b Ag84F no.999 1932 
072 0 |a F110 
082 0 4 |a 630  |b Un3f, no.999, 1932 
086 |a A 1.9:999/932 
100 1 |a Miller, Fred E.  |q (Fred Eaves),  |d 1890- 
245 1 0 |a Sweet potato growing /  |c Fred E. Miller ; rev. by J.H. Beattie and H.H. Zimmerley. 
250 |a Rev. Dec. 1932. 
264 1 |a Washington, D.C. :  |b U.S. Dept. of Agriculture,  |c 1932. 
300 |a ii, 25 pages :  |b illustrations, 1 map ;  |c 23 cm. 
336 |a text  |b txt  |2 rdacontent 
337 |a unmediated  |b n  |2 rdamedia 
338 |a volume  |b nc  |2 rdacarrier 
490 1 |a Farmers' bulletin / United States Department of Agriculture ;  |v no. 999 
500 |a Originally issued Feb. 1919. 
500 |a "This is a revision of, and supersedes Farmers' bulletin 324, Sweet potatoes." 
650 0 |a Sweet potatoes. 
700 1 |a Beattie, James H.  |q (James Herbert),  |d 1882- 
700 1 |a Zimmerley, H. H.  |q (Howard Henry),  |d 1890- 
830 0 |a Farmers' bulletin (United States. Department of Agriculture) ;  |v no. 999. 
994 |a C0  |b TXA 
948 |a cataloged  |b h  |c 2010/06/30  |e rzeske  |f 11:07:45 am 
999 |a MARS 
999 f f |s 0b41123d-c40d-39cf-b4d3-131d17472547  |i 69cd0c9b-03be-3ccf-90c4-b428d26de8dd  |t 0 
952 f f |p normal  |a Texas A&M University  |b College Station  |c Sterling C. Evans Library  |d Evans: US Documents (Annex 5th floor)  |t 0  |e A 1.9:954/944-1050/927  |h Superintendent of Documents classification  |i unmediated -- volume  |m A14829670625 
952 f f |a Texas A&M University  |b College Station  |c Sterling C. Evans Library  |d Evans: US Documents (Annex 5th floor)  |t 0  |e A 1.9:954/944-1050/927  |h Superintendent of Documents classification 
998 f f |a A 1.9:954/944-1050/927  |s 954/944,960/934-961/932,971/947,976/929,980/953,984/933,988/934,990/923,992/919,994/928,998/927,999/932,1001/938,1003/932,1006/940,1018/953,1026/11-1031/935,1042/928-1045/954,1050/927  |t 0  |l Evans: US Documents (Annex 5th floor)